Aardrijkskunde - Tegelquiz - Statistieken

Algemene statistieken
  • Deze quiz is 82 keer genomen
  • De gemiddelde score is 86 van 131
Antwoordstatistieken
Vraag Vak Select % Correct
Europese hoofdsteden aan. Parijs Ja
100%
Europese hoofdsteden aan. Odessa Nee
99%
Europese hoofdsteden aan. Praag Ja
99%
Europese hoofdsteden aan. Kopenhagen Ja
97%
Europese hoofdsteden aan. Moskou Ja
97%
Europese hoofdsteden aan. Saratov Nee
97%
Europese hoofdsteden aan. Frankfurt Nee
96%
Europese hoofdsteden aan. Londen Ja
96%
Europese hoofdsteden aan. Valencia Nee
96%
Europese hoofdsteden aan. Dublin Ja
94%
Europese hoofdsteden aan. Kiev Ja
94%
staten van de VS aan. Guam Nee
93%
Europese hoofdsteden aan. Milaan Nee
93%
Europese hoofdsteden aan. Oslo Ja
93%
staten van de VS aan. Cuba Nee
91%
staten van de VS aan. Mississippi Ja
91%
staten van de VS aan. Alabama Ja
90%
staten van de VS aan. Alaska Ja
90%
staten van de VS aan. Hawaï Ja
90%
staten van de VS aan. Oklahoma Ja
90%
Europese hoofdsteden aan. Barcelona Nee
85%
landen die de euro gebruiken aan. België Ja
85%
Europese hoofdsteden aan. Belgrado Ja
85%
landen die de euro gebruiken aan. Frankrijk Ja
85%
Europese hoofdsteden aan. Ljubljana Ja
85%
landen die de euro gebruiken aan. Portugal Ja
85%
staten van de VS aan. Puerto Rico Nee
85%
staten van de VS aan. Indiana Ja
84%
landen waarvan de vlag rood bevat aan. Japan Ja
84%
landen waarvan de vlag rood bevat aan. België Ja
82%
landen waarvan de vlag rood bevat aan. Ierland Nee
82%
staten van de VS aan. Iowa Ja
82%
landen die grenzen aan de Caribische Zee aan. Jamaica Ja
82%
landen waarvan de vlag rood bevat aan. Uruguay Nee
82%
landen waarvan de vlag rood bevat aan. Zwitserland Ja
82%
staten van de VS aan. Arkansas Ja
81%
landen waarvan de vlag rood bevat aan. Bosnië en Herzegovina Nee
81%
landen die grenzen aan de Caribische Zee aan. Haïti Ja
81%
Chinese steden aan. Lucknow Nee
81%
landen die aan China grenzen aan. Rusland Ja
81%
landen waarvan de vlag rood bevat aan. Somalië Nee
81%
landen die aan China grenzen aan. Zuid-Korea Nee
81%
landen die grenzen aan de Caribische Zee aan. Nauru Nee
79%
landen waarvan de vlag rood bevat aan. Nigeria Nee
79%
landen die grenzen aan de Caribische Zee aan. Saint Vincent en de Grenadines Ja
79%
landen die grenzen aan de Caribische Zee aan. Seychellen Nee
79%
Chinese steden aan. Wuhan Ja
79%
staten van de VS aan. Wyoming Ja
79%
Chinese steden aan. Guangzhou Ja
78%
landen waarvan de vlag rood bevat aan. India Nee
78%
landen waarvan de vlag rood bevat aan. Nederland Ja
78%
landen die grenzen aan de Caribische Zee aan. Saint Lucia Ja
78%
landen die grenzen aan de Caribische Zee aan. Antigua en Barbuda Ja
76%
Chinese steden aan. Bangkok Nee
76%
landen die grenzen aan de Caribische Zee aan. Comoren Nee
76%
Chinese steden aan. Xi'an Ja
76%
landen die aan China grenzen aan. Mongolië Ja
75%
landen die grenzen aan de Caribische Zee aan. Palau Nee
75%
Chinese steden aan. Dhaka Nee
73%
landen die grenzen aan de Caribische Zee aan. Kaapverdië Nee
73%
landen waarvan de vlag rood bevat aan. Italië Ja
72%
landen waar de evenaar doorloopt aan. Brazilië Ja
70%
landen die grenzen aan de Caribische Zee aan. Grenada Ja
69%
staten van de VS aan. Los Angeles Nee
69%
Chinese steden aan. Ansan Nee
67%
landen die aan China grenzen aan. India Ja
67%
landen waarvan de vlag rood bevat aan. Kameroen Ja
67%
landen die grenzen aan de Caribische Zee aan. Sao Tomé en Principe Nee
67%
landen aan die ooit tot Frankrijk behoorden. Thailand Nee
67%
landen aan die ooit tot Frankrijk behoorden. Algerije Ja
66%
Chinese steden aan. Xiamen Ja
66%
staten van de VS aan. Miami Nee
64%
landen die de euro gebruiken aan. Servië Nee
64%
landen waarvan de vlag rood bevat aan. Tanzania Nee
64%
landen waarvan de vlag rood bevat aan. Bulgarije Ja
63%
landen die de euro gebruiken aan. Noorwegen Nee
63%
landen aan die ooit tot Frankrijk behoorden. Somalië Nee
63%
staten van de VS aan. Washington D.C. Nee
63%
landen waarvan de vlag rood bevat aan. Nieuw-Zeeland Ja
61%
landen die aan China grenzen aan. Oezbekistan Nee
61%
landen die aan China grenzen aan. Turkmenistan Nee
61%
landen die de euro gebruiken aan. Estland Ja
60%
landen waar de evenaar doorloopt aan. Ecuador Ja
58%
landen aan die ooit tot Frankrijk behoorden. Ethiopië Nee
58%
landen die de euro gebruiken aan. IJsland Nee
58%
landen die aan China grenzen aan. Kazachstan Ja
58%
landen aan die ooit tot Frankrijk behoorden. Mauritanië Ja
58%
steden aan die ooit lid waren van de Hanze, een samenwerkingsverband tussen belangrijke middeleeuwse handelssteden. Hamburg Ja
57%
landen die de euro gebruiken aan. Ierland Ja
57%
landen die aan China grenzen aan. Myanmar Ja
57%
landen aan die ooit tot Frankrijk behoorden. Mali Ja
55%
landen waarvan de vlag rood bevat aan. Papoea-Nieuw-Guinea Ja
55%
landen waar de evenaar doorloopt aan. Rwanda Nee
55%
landen aan die ooit tot Frankrijk behoorden. Congo-Kinshasa Nee
54%
Chinese steden aan. Danang Nee
54%
landen waar de evenaar doorloopt aan. Indonesië Ja
54%
landen aan die ooit tot Frankrijk behoorden. Kameroen Ja
54%
landen die aan China grenzen aan. Laos Ja
54%
Chinese steden aan. Shantou Ja
54%
landen waar de evenaar doorloopt aan. Tanzania Nee
54%
landen aan die ooit tot Frankrijk behoorden. Niger Ja
52%
steden aan die ooit lid waren van de Hanze, een samenwerkingsverband tussen belangrijke middeleeuwse handelssteden. Helsinki Nee
51%
steden aan die ooit lid waren van de Hanze, een samenwerkingsverband tussen belangrijke middeleeuwse handelssteden. Oslo Nee
48%
steden aan die ooit lid waren van de Hanze, een samenwerkingsverband tussen belangrijke middeleeuwse handelssteden. Kopenhagen Ja
46%
landen die aan China grenzen aan. Thailand Nee
46%
landen waar de evenaar doorloopt aan. Kenia Nee
45%
steden aan die ooit lid waren van de Hanze, een samenwerkingsverband tussen belangrijke middeleeuwse handelssteden. Brugge Ja
43%
landen waar de evenaar doorloopt aan. Maleisië Nee
42%
landen die aan China grenzen aan. Pakistan Ja
40%
landen waar de evenaar doorloopt aan. Papoea-Nieuw-Guinea Nee
40%
landen aan die ooit tot Frankrijk behoorden. Tsjaad Ja
40%
steden aan die ooit lid waren van de Hanze, een samenwerkingsverband tussen belangrijke middeleeuwse handelssteden. Kiel Ja
39%
landen die de euro gebruiken aan. Cyprus Ja
37%
landen waar de evenaar doorloopt aan. Gabon Ja
36%
landen waar de evenaar doorloopt aan. Somalië Ja
36%
landen aan die ooit tot Frankrijk behoorden. Vietnam Ja
36%
landen die de euro gebruiken aan. Polen Nee
34%
steden aan die ooit lid waren van de Hanze, een samenwerkingsverband tussen belangrijke middeleeuwse handelssteden. Rotterdam Nee
34%
landen die de euro gebruiken aan. Hongarije Nee
33%
steden aan die ooit lid waren van de Hanze, een samenwerkingsverband tussen belangrijke middeleeuwse handelssteden. Stockholm Ja
31%
landen die aan China grenzen aan. Afghanistan Ja
30%
steden aan die ooit lid waren van de Hanze, een samenwerkingsverband tussen belangrijke middeleeuwse handelssteden. Danzig Ja
30%
landen die de euro gebruiken aan. Montenegro Ja
30%
landen waar de evenaar doorloopt aan. Peru Nee
25%
steden aan die ooit lid waren van de Hanze, een samenwerkingsverband tussen belangrijke middeleeuwse handelssteden. Amsterdam Nee
24%
landen waar de evenaar doorloopt aan. Equatoriaal Guinea Nee
24%
landen aan die ooit tot Frankrijk behoorden. Laos Ja
24%
steden aan die ooit lid waren van de Hanze, een samenwerkingsverband tussen belangrijke middeleeuwse handelssteden. Riga Ja
24%
Chinese steden aan. Changwon Nee
21%
steden aan die ooit lid waren van de Hanze, een samenwerkingsverband tussen belangrijke middeleeuwse handelssteden. Antwerpen Nee
15%
Chinese steden aan. Harbin Ja
15%
Geen overeenkomende quizzen gevonden
Scoreverdeling
Procent van Mensen met Elke Score
Percentiel versus Aantal Correcte Antwoorden
Uw Scoregeschiedenis
U heeft deze quiz nog niet genomen